000
00261nam a2200109Ia 4500
008
220204s9999 xx 000 0 und d
082
_a
330.15
_b
DAS
100
_a
DASGUPTA, Partha
245
0
_a
Control of resources
260
_a
Delhi
_b
Oxford
_c
1982
942
_c
BK
999
_c
37781
_d
37781